DOS made simple: Q and A (Record no. 163968)
[ view plain ]
| 000 -LEADER | |
|---|---|
| fixed length control field | 00357nam a2200157Ia 4500 |
| 008 - FIXED-LENGTH DATA ELEMENTS--GENERAL INFORMATION | |
| fixed length control field | 231217s9999 xx 000 0 und d |
| 041 ## - LANGUAGE CODE | |
| Language code of text/sound track or separate title | English |
| 082 ## - DEWEY DECIMAL CLASSIFICATION NUMBER | |
| Classification number | 001.642 MEH |
| 100 ## - MAIN ENTRY--PERSONAL NAME | |
| Personal name | Mehta, Subhash |
| 245 #0 - TITLE STATEMENT | |
| Title | DOS made simple: Q and A |
| 250 ## - EDITION STATEMENT | |
| Edition statement | 2nd ed. |
| 260 ## - PUBLICATION, DISTRIBUTION, ETC. | |
| Date of publication, distribution, etc. | 1993 |
| Name of publisher, distributor, etc. | Galgotia |
| 300 ## - PHYSICAL DESCRIPTION | |
| Extent | xxviii+564 |
| 650 ## - SUBJECT ADDED ENTRY--TOPICAL TERM | |
| Topical term or geographic name entry element | DOS |
| 942 ## - ADDED ENTRY ELEMENTS (KOHA) | |
| Koha item type | Books |
| Date last seen | Total checkouts | Full call number | Accession number | Cost, total (INR) price | Price effective from | Category | Lost status | Damaged status | Department | Withdrawn status | Home library | Current library | Entry date | Vendor | Cost, normal purchase price | Grants | Billnumber | Billdate | Currency symbol | Conversion rate | Discount | Old discount | Public note | Shelving location |
|---|---|---|---|---|---|---|---|---|---|---|---|---|---|---|---|---|---|---|---|---|---|---|---|---|
| 26/01/2024 | 001.642 MEH | 8159 | 114.75 | 26/01/2024 | Books | Central Library | Central Library | Central Library | 16/01/1996 | Mega Books | 135.00 | CS | 688 | 02/12/1998 | RS | 1 | 20.25 | 15 | ||||||
| 26/01/2024 | 001.642 MEH;1 | 8160 | 114.75 | 26/01/2024 | Books | Central Library | Central Library | Central Library | 16/01/1996 | Mega Books | 135.00 | CS | 688 | 02/12/1998 | RS | 1 | 20.25 | 15 | Weeded Out 2016 | |||||
| 26/01/2024 | 001.642 MEH;3 | 53999 | 26/01/2024 | Books | Information Science | Central Library | Central Library | 24/04/2009 | Publisher | DONATED | 12/10/2012 | RS | 1 | Central Library |
